[Event "2nd Yerevan Open 2017"]
[Site "Yerevan ARM"]
[Date "2017.09.23"]
[Round "5.6"]
[White "Aleksandrov, Aleksej"]
[Black "Moskalenko, Alexander"]
[Result "1/2-1/2"]
[WhiteTitle "GM"]
[BlackTitle "IM"]
[WhiteElo "2580"]
[BlackElo "2531"]
[WhiteFideId "13500139"]
[BlackFideId "4155351"]
[EventDate "2017.09.19"]

1. d4 e6 2. c4 Nf6 3. Nc3 Bb4 4. e3 O-O 5. Bd3 d5 6. cxd5 exd5 7. Ne2 Re8 8. O-O
Bd6 9. Qc2 c6 10. Bd2 b6 11. a3 c5 12. b3 Bb7 13. Rfd1 Na6 14. Nb5 Bf8 15. Bc3
cxd4 16. Bxd4 Ne4 17. b4 Qg5 18. Rac1 Rec8 19. Qa2 Rxc1 20. Rxc1 Nd6 21. Nec3
Ne8 22. Ne2 Nd6 23. Ng3 Nxb5 24. Bxb5 Qd8 25. Bd3 Rc8 26. Rd1 Nc7 27. Qb1 g6 28.
Qb2 Ne6 29. Bf6 Bg7 30. Bxg7 Nxg7 31. Be4 Qg5 32. Bf3 Ne6 33. h3 Rc7 34. Qb3 Qe5
35. Ne2 Rc4 36. Qd3 a5 37. bxa5 bxa5 38. Qb1 Bc6 39. Rc1 Be8 40. Rd1 Bc6 41. Qb6
a4 42. Bg4 Qc7 43. Qb2 Qd6 44. Qf6 Qd8 45. Qxd8+ Nxd8 46. Nf4 h5 47. Bf3 Ne6 48.
Bxd5 Bxd5 49. Nxd5 Rc2 50. Nb6 Rc3 51. Nxa4 Rxa3 52. Nb6 h4 53. Nc4 Rc3 54. Ne5
Rc5 55. Nf3 g5 56. Kf1 Kg7 57. Ke2 Ra5 58. Nd4 Kf6 59. Rd2 Nxd4+ 60. exd4 Ke6
61. Ke3 Kd5 62. Rd3 Kc4 63. Rd1 Kd5 64. Rd2 f5 65. Rd1 Rb5 66. Rd3 Ra5 67. Rc3
Rb5 68. Ra3 Rb2 69. Ra5+ Ke6 70. Re5+ Kf6 71. Rc5 Rb3+ 72. Kd2 g4 73. Rc3 Rb2+
74. Rc2 Rb3 75. Rc3 Rb2+ 76. Ke3 g3 77. fxg3 Rxg2 78. gxh4 Rg3+ 79. Kd2 Rg2+ 80.
Kd3 Rg3+ 81. Kd2 Rg2+ 82. Ke1 Rh2 83. Rd3 Ke6 84. d5+ Kd6 85. Kf1 Rb2 86. h5 Ra2
87. Kg1 Rb2 88. Kf1 Ra2 89. Ke1 Rb2 90. Rd4 Rb3 91. h4 Rb8 92. Kf2 Rh8 93. Kg3
Rxh5 94. Rd1 f4+ 95. Kg4 Rxd5 96. Re1 Re5 97. Rf1 Ke7 98. Rxf4 Re1 1/2-1/2

[Event "2nd Yerevan Open 2017"]
[Site "Yerevan ARM"]
[Date "2017.09.23"]
[Round "5.19"]
[White "Li, Bo"]
[Black "Hovhannisyan, Robert"]
[Result "0-1"]
[WhiteTitle "IM"]
[BlackTitle "GM"]
[WhiteElo "2330"]
[BlackElo "2594"]
[WhiteFideId "8602786"]
[BlackFideId "13302507"]
[EventDate "2017.09.19"]

1. Nf3 d5 2. g3 c6 3. Bg2 Bg4 4. h3 Bxf3 5. exf3 e6 6. f4 Ne7 7. d4 Nf5 8. Qd3
Nd7 9. O-O Qb6 10. c3 Be7 11. Nd2 O-O 12. Nf3 c5 13. g4 Nd6 14. Ne5 Rad8 15.
Nxd7 Rxd7 16. dxc5 Qxc5 17. Be3 Qc7 18. f5 Nc4 19. b3 Nxe3 20. Qxe3 exf5 21.
gxf5 Bf6 22. Rad1 Qa5 23. c4 d4 24. Qd3 Re7 25. Be4 Rfe8 26. f3 Qc7 27. Qe2 g6
28. Qg2 Kh8 29. fxg6 hxg6 30. Qh2 Re5 31. Kh1 Qd7 32. Qf4 Kg7 33. Qg4 Qd6 34.
Qg3 Rh8 35. Rd2 Qd7 36. Rh2 Rg5 37. Qf4 Rxh3 38. Rf2 Rhg3 39. Rhg2 Rxg2 40. Rxg2
Rh5+ 41. Kg1 d3 42. Bd5 Qe7 43. Qe4 Qxe4 44. Bxe4 Bd4+ 45. Rf2 d2 46. Bc2 Re5
47. Kg2 Bxf2 48. Kxf2 Re1 49. b4 d1=Q 50. Bxd1 Rxd1 51. Ke3 Kf6 52. Ke4 Ke6 53.
a4 g5 54. a5 f5+ 55. Ke3 Ke5 56. b5 f4+ 57. Ke2 Rd8 58. c5 Kd5 59. c6 bxc6 60.
bxc6 Kxc6 61. a6 Kb5 62. Ke1 Kxa6 63. Ke2 Kb5 64. Ke1 a5 65. Ke2 a4 66. Ke1 a3
67. Ke2 a2 68. Ke1 a1=Q+ 69. Ke2 Qd1+ 70. Kf2 Rd2# 0-1

[Event "2nd Yerevan Open 2017"]
[Site "Yerevan ARM"]
[Date "2017.09.24"]
[Round "6.3"]
[White "Grigoryan, Karen H."]
[Black "Aleksandrov, Aleksej"]
[Result "1/2-1/2"]
[WhiteTitle "GM"]
[BlackTitle "GM"]
[WhiteElo "2568"]
[BlackElo "2580"]
[WhiteFideId "13301004"]
[BlackFideId "13500139"]
[EventDate "2017.09.19"]

1. e4 e5 2. Nc3 Nf6 3. g3 c6 4. d4 Qa5 5. Bg2 d5 6. exd5 Nxd5 7. Ne2 Nxc3 8.
Nxc3 exd4 9. Qxd4 Be6 10. O-O Nd7 11. Ne4 Qb4 12. Rd1 Qxd4 13. Rxd4 Be7 14. Nd6+
Bxd6 15. Rxd6 O-O 16. Be3 Nf6 17. Rad1 h6 18. R6d4 Nd5 19. Bd2 Rfe8 20. c4 Nf6
21. Bc3 Re7 22. h3 Rd7 23. g4 Rad8 24. b3 a6 25. f4 Rxd4 26. Rxd4 Rxd4 27. Bxd4
Ne8 28. f5 Bc8 29. Kf2 h5 30. Kg3 hxg4 31. hxg4 g6 32. f6 Nc7 33. Be3 Ne6 34.
Kf3 Kf8 35. Ke4 Ke8 36. Ke5 Kd7 37. Bb6 Ng5 38. a4 Ne6 39. b4 Ng5 40. Bf1 Ne6
41. b5 Ng5 42. Be3 Ne6 43. b6 Kd8 44. Kd6 Nf8 45. g5 Be6 46. c5 Bb3 47. Bxa6
bxa6 48. b7 Nd7 49. Kxc6 Bxa4+ 50. Kd6 Nb8 51. Bd2 Nc6 52. Ba5+ Ke8 53. Kc7 Bb5
54. Bb6 Ba4 55. Ba7 Bb5 56. b8=Q+ Nxb8 57. Bxb8 Be2 58. c6 Bf3 59. Kb7 a5 60.
Bd6 a4 61. Be7 Bg2 62. Kb6 Bf3 1/2-1/2

[Event "2nd Yerevan Open 2017"]
[Site "Yerevan ARM"]
[Date "2017.09.24"]
[Round "6.11"]
[White "Omidi, Arya"]
[Black "Sandipan, Chanda"]
[Result "1/2-1/2"]
[BlackTitle "GM"]
[WhiteElo "2402"]
[BlackElo "2570"]
[WhiteFideId "12508780"]
[BlackFideId "5004225"]
[EventDate "2017.09.19"]

1. d4 f5 2. Qd3 d5 3. c4 e6 4. Nf3 Nf6 5. Nc3 Be7 6. Bf4 O-O 7. e3 Ne4 8. Be2 c6
9. O-O Nd7 10. h3 b6 11. Qc2 Bb7 12. Ne5 Nxe5 13. Bxe5 Bd6 14. Nxe4 fxe4 15. Bg4
Qe7 16. Bxd6 Qxd6 17. c5 Qe7 18. b4 Ba6 19. Be2 Bxe2 20. Qxe2 bxc5 21. bxc5 Rab8
22. Rab1 Rb7 23. Rb2 Rfb8 1/2-1/2

[Event "2nd Yerevan Open 2017"]
[Site "Yerevan ARM"]
[Date "2017.09.24"]
[Round "6.39"]
[White "Nazemi, Pedram"]
[Black "Li, Bo"]
[Result "0-1"]
[BlackTitle "IM"]
[WhiteElo "1978"]
[BlackElo "2330"]
[WhiteFideId "12507784"]
[BlackFideId "8602786"]
[EventDate "2017.09.19"]

1. e4 c5 2. Nf3 e6 3. d4 cxd4 4. Nxd4 a6 5. Nc3 Qc7 6. g3 Bb4 7. Ne2 Nf6 8. Bg2
Nc6 9. O-O Be7 10. h3 O-O 11. g4 d6 12. Ng3 b5 13. f4 Bb7 14. g5 Nd7 15. f5 Nce5
16. Qh5 g6 17. Qe2 Rfc8 18. Rf2 Qc4 19. Qe1 exf5 20. exf5 Bxg2 21. Kxg2 b4 22.
Nce4 d5 23. Nf6+ Nxf6 24. gxf6 Bd6 25. Bf4 Nf3 26. Rxf3 Bxf4 27. c3 Re8 28. Qf1
Be5 29. fxg6 hxg6 30. Re1 Qxf1+ 31. Nxf1 bxc3 32. bxc3 Re6 33. Rd1 Rxf6 34. Re3
Bf4 35. Rf3 Re8 36. Rf2 Re5 37. Rd3 Kg7 38. Kh1 g5 39. Kg2 Kg6 40. Ng3 Rfe6 41.
Nf1 f5 42. h4 Rc6 43. hxg5 Kxg5 44. Kf3 Re4 45. Kg2 Kf6 46. Nd2 Ra4 47. Nb3 Be5
48. Nd4 Rcc4 49. Rb2 Bxd4 50. cxd4 Rxd4 51. Rxd4 Rxd4 52. Rb6+ Ke5 53. Rxa6 f4
54. a4 Rd3 55. Kf2 Ra3 56. a5 d4 57. Ra8 Ke4 58. a6 Ra2+ 59. Kf1 Kf3 60. Ke1
Re2+ 61. Kd1 Re7 62. Kd2 Kf2 63. a7 f3 64. Kd3 Rd7 65. Kd2 d3 66. Rf8 Rxa7 67.
Kxd3 Rd7+ 68. Ke4 Ke2 69. Kf4 f2 70. Re8+ Kd2 0-1

[Event "2nd Yerevan Open 2017"]
[Site "Yerevan ARM"]
[Date "2017.09.24"]
[Round "6.45"]
[White "Mesropian, Khachatur"]
[Black "Gharagyozyan, Artur"]
[Result "0-1"]
[WhiteElo "1974"]
[BlackElo "2170"]
[WhiteFideId "13301390"]
[BlackFideId "13303279"]
[EventDate "2017.09.19"]

1. d4 Nf6 2. c4 e6 3. Nc3 Bb4 4. Bg5 c5 5. d5 exd5 6. cxd5 d6 7. e3 Nbd7 8. Bd3
Qa5 9. Ne2 Nxd5 10. O-O Bxc3 11. Nxc3 Nxc3 12. bxc3 c4 13. Bxc4 Qxg5 14. Qxd6
Qe7 15. Qd4 O-O 16. Rab1 Nc5 17. Rb5 b6 18. Bd5 Ba6 0-1

[Event "2nd Yerevan Open 2017"]
[Site "Yerevan ARM"]
[Date "2017.09.25"]
[Round "7.10"]
[White "Mirzoyan, David"]
[Black "Sandipan, Chanda"]
[Result "0-1"]
[WhiteTitle "FM"]
[BlackTitle "GM"]
[WhiteElo "2341"]
[BlackElo "2570"]
[WhiteFideId "13308386"]
[BlackFideId "5004225"]
[EventDate "2017.09.19"]

1. d4 f5 2. Bg5 g6 3. e3 Bg7 4. Nc3 d5 5. h4 c6 6. Bd3 Nh6 7. Nf3 Nf7 8. Bf4 Nd7
9. h5 e5 10. dxe5 Ndxe5 11. Nxe5 Nxe5 12. Qd2 Be6 13. Ne2 Qb6 14. Nd4 Bf7 15. c3
Qxb2 16. Rb1 Qxd2+ 17. Kxd2 O-O-O 18. Bg5 Nxd3 19. Kxd3 Rde8 20. h6 Be5 21. f4
Bxd4 22. exd4 Re4 23. Rhe1 Rhe8 24. Kd2 b6 25. g3 R8e6 26. a3 Kb7 27. Rxe4 dxe4
28. Ke3 Ka6 29. Rb4 Ka5 30. Bd8 Rd6 31. Bc7 Rd7 32. Be5 c5 33. Rb1 Ka4 34. Rg1
Be6 35. Ra1 Kb3 36. a4 Kb2 37. Rg1 c4 38. Kd2 Rd5 39. Rc1 Bd7 40. Rc2+ Kb3 41.
Rc1 Bxa4 42. Bb8 Kb2 43. Rg1 b5 0-1

[Event "2nd Yerevan Open 2017"]
[Site "Yerevan ARM"]
[Date "2017.09.26"]
[Round "8.6"]
[White "Melkumyan, Hrant"]
[Black "Petrosyan, Manuel"]
[Result "1/2-1/2"]
[WhiteTitle "GM"]
[BlackTitle "IM"]
[WhiteElo "2642"]
[BlackElo "2559"]
[WhiteFideId "13302485"]
[BlackFideId "13300857"]
[EventDate "2017.09.19"]

1. d4 Nf6 2. c4 e6 3. g3 d5 4. Bg2 Bb4+ 5. Nd2 O-O 6. Nf3 dxc4 7. a3 Bxd2+ 8.
Bxd2 Nc6 9. e3 Ne4 10. Qc2 Nxd2 11. Nxd2 e5 12. d5 Na5 13. Nxc4 Nxc4 14. Qxc4
Bf5 15. O-O Qd6 16. Rfc1 Rfc8 17. Rc3 Bd7 18. Rac1 c6 19. dxc6 Bxc6 20. Qb5 Rab8
21. Bxc6 bxc6 22. Rxc6 Rxc6 23. Qxc6 Qxc6 24. Rxc6 a5 25. Kf1 h5 26. Rc2 Kh7 27.
Ke2 Kg6 28. Kd3 f6 29. f4 exf4 30. gxf4 Rb3+ 31. Ke4 f5+ 32. Kd4 h4 33. h3 a4
34. Rc6+ Kh7 35. Rc2 g6 36. Re2 Kg7 37. Rh2 Kf6 38. Rg2 Kf7 39. Rh2 Kf6 40. Rc2
Kg7 41. Rc7+ Kh6 42. Rc2 1/2-1/2

[Event "2nd Yerevan Open 2017"]
[Site "Yerevan ARM"]
[Date "2017.09.26"]
[Round "8.18"]
[White "Poghosyan, Suren"]
[Black "Baghdasaryan, Vahe"]
[Result "1/2-1/2"]
[WhiteTitle "FM"]
[BlackTitle "GM"]
[WhiteElo "2256"]
[BlackElo "2440"]
[WhiteFideId "13303201"]
[BlackFideId "13303139"]
[EventDate "2017.09.19"]

1. d4 d5 2. c4 c6 3. Nf3 Nf6 4. Nc3 e6 5. cxd5 exd5 6. Qc2 g6 7. Bg5 Bf5 8. Qb3
b6 9. Ne5 Be7 10. Bh6 Bf8 11. Bxf8 Kxf8 12. g3 Nfd7 13. Nf3 Kg7 14. Bg2 Qe7 15.
O-O a5 16. Rac1 Qb4 17. Nh4 Be6 18. Qc2 Qxd4 19. e4 dxe4 20. Nxe4 Bd5 21. Rfd1
Qe5 22. Re1 Re8 23. Qd2 Na6 24. Nc5 Qxe1+ 25. Rxe1 Rxe1+ 26. Qxe1 Naxc5 27. Qc3+
Nf6 28. g4 h6 29. f4 Ne6 30. Bxd5 cxd5 31. f5 Nf4 32. Qc6 Re8 33. fxg6 Re1+ 34.
Kf2 Nd3+ 35. Kg2 Re2+ 36. Kg1 Re1+ 37. Kg2 Re6 38. Qc7 Ne5 39. gxf7 Nxf7 40.
Nf5+ Kg6 41. h3 Re2+ 42. Kf3 Re6 43. Qb7 Ne5+ 44. Kf4 Ned7 45. Ng3 Nc5 46. Qc8
d4 47. Nf5 Re8 48. Qc6 d3 49. Qd6 Ne6+ 50. Kf3 Ng5+ 51. Kg2 Re2+ 52. Kf1 Rf2+
53. Kxf2 Ne4+ 54. Ke3 Nxd6 55. Nxd6 Nd5+ 56. Kxd3 Nf4+ 57. Kc4 Nxh3 58. Nf5 Nf2
59. Nxh6 Kxh6 60. Kb5 Nd3 61. Kxb6 1/2-1/2

[Event "2nd Yerevan Open 2017"]
[Site "Yerevan ARM"]
[Date "2017.09.26"]
[Round "8.28"]
[White "Demianjuk, Alexander"]
[Black "Machkalyan, Haik"]
[Result "0-1"]
[WhiteElo "2330"]
[BlackElo "1890"]
[WhiteFideId "4134249"]
[BlackFideId "13306260"]
[EventDate "2017.09.19"]

1. e4 e6 2. d4 d5 3. Nc3 Bb4 4. e5 c5 5. a3 Bxc3+ 6. bxc3 Ne7 7. Qg4 cxd4 8. Bd3
Qc7 9. Ne2 Nbc6 10. cxd4 h5 11. Qxg7 Rg8 12. Qf6 Nxd4 13. O-O Qxe5 14. Qxe5 Nf3+
15. Kh1 Nxe5 16. Nf4 Nxd3 17. cxd3 h4 18. Bb2 Bd7 19. Rac1 Bc6 20. f3 Nf5 21.
Bf6 Kd7 22. Rfe1 Rgc8 23. Re5 a5 24. Rce1 b5 25. d4 Re8 26. Nd3 h3 27. R5e2 Nd6
28. gxh3 Nc4 29. h4 Nxa3 30. h5 b4 31. h6 Bb5 32. Ne5+ Kc7 33. Rg2 b3 34. h7 Nc2
35. Reg1 a4 36. Nxf7 a3 37. Bd8+ Raxd8 38. Nxd8 Rh8 39. Rg7+ Kb6 40. Rb7+ Ka6
41. Re7 Rxd8 42. Rxe6+ Ka5 43. Rg8 b2 44. Rxd8 b1=Q+ 45. Kg2 Qf1+ 46. Kg3 Qg1+
47. Kh3 Bf1+ 48. Kh4 Qxh2+ 49. Kg5 Qxh7 50. Rxd5+ Ka4 51. Rd8 Qg7+ 52. Kf4 Qc7+
53. Red6 Nb4 54. Rd7 Qxd6+ 0-1

[Event "2nd Yerevan Open 2017"]
[Site "Yerevan ARM"]
[Date "2017.09.26"]
[Round "8.47"]
[White "Manukyan, Sevak N."]
[Black "Matevosyan, Sedrak"]
[Result "1/2-1/2"]
[WhiteElo "1799"]
[BlackElo "2202"]
[WhiteFideId "13310577"]
[BlackFideId "13302035"]
[EventDate "2017.09.19"]

1. d4 Nf6 2. c4 e6 3. Nc3 Bb4 4. e3 O-O 5. Ne2 Re8 6. a3 Bf8 7. Ng3 d5 8. Be2 c5
9. dxc5 Bxc5 10. O-O Nc6 11. b4 Bf8 12. Bb2 a5 13. b5 Ne5 14. cxd5 exd5 15. Qc2
Bg4 16. Rfd1 Bxe2 17. Ngxe2 Rc8 18. Qb3 Nc4 19. Nf4 a4 20. Qa2 Bd6 21. Nce2 Nxb2
22. Qxb2 Be5 23. Nd4 Bxf4 24. exf4 Qc7 25. g3 Qc3 26. Qxc3 Rxc3 27. Nf5 g6 28.
Ne3 Rd8 29. Rd4 Rb3 30. Rxa4 Rxb5 31. Rd1 Rb3 32. Rdd4 Rb2 33. Rab4 Rxb4 34.
axb4 Kf8 35. g4 h6 36. g5 hxg5 37. fxg5 Ne4 38. Rxd5 Rxd5 39. Nxd5 Nxg5 40. Kg2
Ke8 41. f4 Ne6 42. Kf3 f5 43. Ke3 Kd7 44. h4 Kd6 45. Nc3 Kc6 46. Ne2 Kd5 47. Kd3
b6 48. Nc3+ Kc6 49. Ne2 Nc7 50. Kc4 b5+ 51. Kd4 Kd6 52. Nc3 Ne6+ 53. Ke3 Kc6 54.
Ne2 Kd5 55. Kd3 Kd6 56. Ke3 Nc7 57. Nc3 Kc6 58. Kd4 Kd6 59. Ke3 Na6 60. Nxb5+
Ke7 61. Nd4 Nxb4 62. h5 Nd5+ 63. Kf3 gxh5 64. Nxf5+ Kf6 1/2-1/2

[Event "2nd Yerevan Open 2017"]
[Site "Yerevan ARM"]
[Date "2017.09.26"]
[Round "8.53"]
[White "Gevorgyan, Anahit"]
[Black "Manukyan, Levon"]
[Result "0-1"]
[WhiteElo "1723"]
[BlackElo "1871"]
[WhiteFideId "13305646"]
[BlackFideId "13311913"]
[EventDate "2017.09.19"]

1. e4 e6 2. f4 d5 3. e5 c5 4. Nf3 Nc6 5. g3 Nh6 6. Bh3 Be7 7. d3 Nf5 8. c3 d4 9.
c4 b6 10. Qe2 Bb7 11. Bxf5 exf5 12. O-O Qd7 13. Na3 a6 14. Bd2 Nd8 15. Rab1 Ne6
16. h4 h6 17. h5 g6 18. hxg6 fxg6 19. Kf2 g5 20. fxg5 hxg5 21. Rh1 Rxh1 22. Rxh1
g4 23. Rh8+ Kf7 24. Rh7+ Kg8 25. Rxe7 Qxe7 26. Nh4 Qh7 27. Nc2 Qh5 28. Ng2 Qh2
29. Ne1 Rf8 30. Kf1 Qh1+ 31. Kf2 Kh7 32. Bf4 Qh2 33. Kf1 Kg7 34. Qd2 Rh8 35. Nh4
Rxh4 36. gxh4 Qxf4+ 37. Qxf4 Nxf4 38. Kf2 Kf7 0-1

[Event "2nd Yerevan Open 2017"]
[Site "Yerevan ARM"]
[Date "2017.09.26"]
[Round "8.66"]
[White "Adamyan, Mane"]
[Black "Hovyan, Nikolay"]
[Result "1-0"]
[WhiteElo "1636"]
[BlackElo "1414"]
[WhiteFideId "13307525"]
[BlackFideId "13311310"]
[EventDate "2017.09.19"]

1. d4 Nf6 2. c4 e6 3. Nc3 Bb4 4. e3 O-O 5. Ne2 b6 6. a3 Bxc3+ 7. Nxc3 Bb7 8. Bd3
d6 9. e4 Nbd7 10. O-O e5 11. d5 a5 12. Be3 Ne8 13. Qd2 Nc5 14. Bc2 Bc8 15. b4
Na6 16. Bg5 f6 17. Be3 g6 18. Bh6 Ng7 19. f4 Bd7 20. Rab1 exf4 21. Bxf4 g5 22.
Be3 h6 23. Bd4 Nh5 24. g3 Nb8 25. Qd3 Bh3 26. Rf2 Nd7 27. e5 f5 28. e6 Ne5 29.
Bxe5 dxe5 30. Qe2 Qf6 31. Qxh5 Bg4 32. Qxg4 fxg4 33. Rxf6 Rxf6 34. Nb5 axb4 35.
axb4 Ra2 36. Nxc7 Rxc2 37. e7 Rf8 38. exf8=Q+ Kxf8 39. Ne6+ Ke7 40. c5 Rd2 41.
c6 1-0

[Event "2nd Yerevan Open 2017"]
[Site "Yerevan ARM"]
[Date "2017.09.27"]
[Round "9.54"]
[White "Barseghyan, Narek"]
[Black "Davtyan, David Arm."]
[Result "0-1"]
[WhiteElo "1733"]
[BlackElo "2096"]
[WhiteFideId "13308092"]
[BlackFideId "13310046"]
[EventDate "2017.09.19"]

1. d4 Nf6 2. Nf3 e6 3. Bf4 d5 4. e3 c5 5. c3 Nc6 6. Nbd2 Be7 7. Bd3 O-O 8. Bb1
b6 9. Ne5 Bb7 10. Ndf3 Nd7 11. h4 f6 12. Bxh7+ Kxh7 13. Ng5+ fxg5 14. hxg5+ Kg8
15. Qh5 Ndxe5 16. dxe5 Rf5 17. g4 Rxg5 18. Bxg5 Bxg5 19. f4 Nxe5 20. fxg5 Qxg5
21. Qh7+ Kf7 22. Rf1+ Ke7 23. O-O-O Qxe3+ 24. Rd2 Nc4 25. Qxg7+ Kd6 26. Rd1 Nxd2
27. Rxd2 Ba6 28. Kc2 Qe4+ 29. Kc1 Qe5 30. Qh6 Qe1+ 31. Rd1 Qe3+ 32. Kb1 Qe4+ 33.
Ka1 Qxg4 34. Re1 Qf5 35. Qg7 Bb5 36. Qg3+ Kc6 37. Qg7 Rf8 38. Qe7 Qe4 39. Rc1
Rh8 40. b3 Qe3 41. Rc2 Bd3 42. Qxa7 Bxc2 43. Kb2 Bd3 44. Ka3 Qc1+ 0-1